Statistics for United States National Parks Quiz

Click here to take the quiz!

General Stats

  • This quiz has been taken 24,507 times
    (4,404 since last reset)
  • The average score is 22 of 63

Answers on the Map

Answers color-coded by a green-red scale on the quiz's map according to % correct below.
Loading ...
 

Answer Stats

StatePark% Correct
Wyoming,
Montana, Idaho
Yellowstone
95%
CaliforniaYosemite
84%
FloridaEverglades
79%
ArizonaGrand Canyon
77%
AlaskaDenali
58%
California,
Nevada
Death Valley
58%
MontanaGlacier
57%
CaliforniaRedwood
55%
UtahZion
54%
Tennessee,
North Carolina
Great Smoky Mountains
53%
South DakotaBadlands
53%
CaliforniaJoshua Tree
51%
MaineAcadia
50%
UtahArches
48%
ColoradoRocky Mountain
48%
WyomingGrand Teton
47%
CaliforniaSequoia
45%
WashingtonMount Rainier
44%
UtahBryce Canyon
43%
KentuckyMammoth Cave
42%
WashingtonOlympic
41%
TexasBig Bend
39%
OregonCrater Lake
38%
VirginiaShenandoah
38%
HawaiiHawaii Volcanoes
35%
New MexicoCarlsbad Caverns
34%
ArkansasHot Springs
33%
CaliforniaChannel Islands
28%
UtahCanyonlands
28%
New MexicoWhite Sands
27%
MichiganIsle Royale
27%
OhioCuyahoga Valley
27%
ArizonaPetrified Forest
27%
ColoradoMesa Verde
26%
MissouriGateway Arch
26%
North DakotaTheodore Roosevelt
26%
FloridaDry Tortugas
25%
CaliforniaKings Canyon
24%
ColoradoGreat Sand Dunes
24%
IndianaIndiana Dunes
23%
ArizonaSaguaro
22%
CaliforniaLassen Volcanic
22%
ColoradoBlack Canyon of the
Gunnison
22%
UtahCapitol Reef
21%
NevadaGreat Basin
21%
FloridaBiscayne
21%
AlaskaKenai Fjords
20%
AlaskaGates of the Arctic
20%
WashingtonNorth Cascades
20%
CaliforniaPinnacles
19%
MinnesotaVoyageurs
19%
South DakotaWind Cave
19%
TexasGuadalupe Mountains
18%
South CarolinaCongaree
18%
AlaskaGlacier Bay
18%
AlaskaWrangell-St. Elias
17%
HawaiiHaleakala
17%
AlaskaKatmai
16%
n/aNational Park of
American Samoa
14%
n/aVirgin Islands
National Park
14%
AlaskaLake Clark
13%
West VirginiaNew River Gorge
13%
AlaskaKobuk Valley
12%

Score Distribution

Percentile by Number Answered

Percent of People with Each Score

Your Score History

You have not taken this quiz since the last reset